000 00581nam a22001697a 4500
003 AM-YeHGA
005 20250617160327.0
008 200915b1960 ru ||||| |||| 00| 0 rus d
040 _aAM-YeHGA
041 0 _arus
245 0 0 _aРазведчики будущего /
_cРед.-сост.: Н. И. Еремин
260 _aУльяновск :
_b Кн. изд-во,
_c1960
300 _a76 с.,
_bил
650 1 4 _aБригады, ударники и коллективы коммунистического труда - Сборники
942 _2udc
_cBK
090 _c453813
999 _c450880
_d450880